| 000 | 00745nam a22002057a 4500 | ||
|---|---|---|---|
| 999 |
_c52279 _d52279 |
||
| 005 | 20210325201300.0 | ||
| 008 | s2549 th tha d | ||
| 020 | _a974940355X | ||
| 040 | _aNALT | ||
| 041 | _atha | ||
| 050 |
_aGR312.2.C4 _bส714บ 2549 |
||
| 100 |
_aสำอาง กล่ำศรี _946965 |
||
| 245 | 1 | 0 |
_aบทร้องเล่นและเพลงพื้นบ้านภาคกลาง / _cสำอาง กล่ำศรี. |
| 260 |
_aกรุงเทพฯ : _bแม็ค, _c2549. |
||
| 300 |
_a215 หน้า : _bภาพประกอบ ; _c21 ซม. |
||
| 650 | 4 |
_aเพลงพื้นเมืองไทย _97694 |
|
| 850 | _aNALT | ||
| 942 |
_cGB _2lcc |
||